000 00488nam a2200193Ia 4500
005 20250508150620.0
008 008 250505s9999 xx 000 0 eng d
037 _aTextual
040 _aFEDL
_beng
_cFEDL
041 _aeng
_2eng
084 _a111.84, JOA
_qFEDL
100 _aJoad C E M
245 0 _aGod and evil
260 _aLondon, UK
_bFaber and Faber
300 _a363p.
650 _aPhilosophy
942 _cTEXL
_h111.84, JOA
999 _c1324599
_d1324599